000 00501nam a2200181Ia 4500
005 20250923144508.0
008 008 250917s9999 xx 000 0 eng d
037 _aTextual
040 _aDSWL
_beng
_cDSWL
041 _aeng
_2eng
084 _qDSWL
100 _aGailbraith, John Kenneth
_9825467
245 0 _aAmerican capitalism
_cby John Kenneth Gailbraith
260 _aBoston
_bHoughton Miffin Co
_c1952
300 _axv,217p.
942 _cTEXL
999 _c1439639
_d1439639